កូនត្រូវតែមានសិទ្ធចូលរៀន : (Record no. 8553)

MARC details
000 -LEADER
fixed length control field 02195nam a22003137a 4500
001 - CONTROL NUMBER
control field 8553
003 - CONTROL NUMBER IDENTIFIER
control field FISKH
005 - DATE AND TIME OF LATEST TRANSACTION
control field 20251205151437.0
008 - FIXED-LENGTH DATA ELEMENTS--GENERAL INFORMATION
fixed length control field 250929b cb ||||| |||| 00| 0 eng d
020 ## - INTERNATIONAL STANDARD BOOK NUMBER
International Standard Book Number 9789996301384
040 ## - CATALOGING SOURCE
Original cataloging agency FISKH
Language of cataloging khr
Transcribing agency FISKH
Modifying agency FISKH
050 ## - LIBRARY OF CONGRESS CALL NUMBER
Classification number PZ7
082 ## - DEWEY DECIMAL CLASSIFICATION NUMBER
Classification number 323.352
100 ## - MAIN ENTRY--PERSONAL NAME
Personal name Tongleang, Noeun
245 ## - TITLE STATEMENT
Title កូនត្រូវតែមានសិទ្ធចូលរៀន :
Remainder of title Children must enjoy their rights to education /
Statement of responsibility, etc. និពន្ធដោយ លោក នឿន តុងលាង , កែសម្រួលដោយ អ្នកស្រី គឹមស៊ុន សុធារី​
260 ## - PUBLICATION, DISTRIBUTION, ETC.
Place of publication, distribution, etc. Phnom Penh :
Name of publisher, distributor, etc. Reading Books ,
Date of publication, distribution, etc. 2011.
300 ## - PHYSICAL DESCRIPTION
Extent 22 pages :
Other physical details color illustrations ;
Dimensions 25 cm .
490 ## - SERIES STATEMENT
Series statement ពិភពរឿងនិទាន
505 ## - FORMATTED CONTENTS NOTE
Formatted contents note K <br/>
520 ## - SUMMARY, ETC.
Summary, etc. រឿងនេះមានបំណងអប់រំកុមារតូចៗអោយដឹងពីសិទ្ធិរបស់ខ្លួន រួមមានសិទ្ធិរស់នៅ សិទ្ធិរស់រានមានជីវិត សិទ្ធិការពារ សិទ្ធិអភិវឌ្ឍន៍ និងសិទ្ធិចូលរួម។ លើសពីនេះទៀត រឿងនេះក៏ជួយឲ្យឪពុកម្តាយយល់ពីសារៈសំខាន់នៃការអប់រំ និងសិទ្ធិរបស់កូនៗរបស់ពួកគេផងដែរ។
520 ## - SUMMARY, ETC.
Summary, etc. This story aims at educating the young children to be aware of their rights including the rights to life, rights to survival, protection, development and participation. Furthermore, this story helps the parents understand the importance of education and rights of their kids .
521 8# - TARGET AUDIENCE NOTE
Target audience note 510 <br/>
Source Lexile estimate <br/>
521 8# - TARGET AUDIENCE NOTE
Target audience note K <br/>
Source Raz-Plus <br/>
650 ## - SUBJECT ADDED ENTRY--TOPICAL TERM
Topical term or geographic name entry element កូនត្រូវតែមានសិទ្ធចូលរួម​
Form subdivision រឿងនិទានកុមារ
650 ## - SUBJECT ADDED ENTRY--TOPICAL TERM
Topical term or geographic name entry element Children must enjoy their rights to education
Form subdivision Children's stories
700 ## - ADDED ENTRY--PERSONAL NAME
Personal name Bunthorn, Theak
Relator term Illustrator
942 ## - ADDED ENTRY ELEMENTS (KOHA)
Source of classification or shelving scheme Dewey Decimal Classification
Koha item type Khmer Books
Suppress in OPAC No
Holdings
Withdrawn status Lost status Source of classification or shelving scheme Damaged status Not for loan Collection Home library Current library Shelving location Date acquired Total Checkouts Full call number Barcode Date last seen Copy number Price effective from Koha item type Date last checked out
    Dewey Decimal Classification     Khmer-English Bilingual / ភាសាខ្មែរ-អង់គ្លេស Footprints International School Library Network Toul Tom Poung Campus Footprints International School Library Network Toul Tom Poung Campus TTP Primary Khmer Bookshelves 09/29/2025   TON PZ7 323.352 FISBK03902 09/29/2025 1 09/29/2025 Khmer Books  
    Dewey Decimal Classification     Khmer-English Bilingual / ភាសាខ្មែរ-អង់គ្លេស Footprints International School Library Network Toul Tom Poung Campus Footprints International School Library Network Toul Tom Poung Campus TTP Primary Khmer Bookshelves 10/24/2025 1 TON PZ7 323.352 FISBK03917 03/31/2026 2 10/24/2025 Khmer Books 03/02/2026
    Dewey Decimal Classification     Khmer-English Bilingual / ភាសាខ្មែរ-អង់គ្លេស Footprints International School Library Network Toul Tom Poung Campus Footprints International School Library Network Toul Tom Poung Campus TTP Primary Khmer Bookshelves 12/05/2025   TON PZ7 323.352 2025-5052 12/05/2025 3 12/05/2025 Khmer Books